1109 1612 1239 1863 1375 1177 1868 1070 1258 1360 1050 1449 1185 1223 1995 1170 1505 1068 1962 1224 1115 1643 1201 1277 1097 1296 1346 1291 1000 1897 1713 1099 1849 1963 1098 1148 1589 1197 1504 1249 1112 1749 1289 1990 1555 1285 1954 1486 1551 1613 1636 1864 1552 1014 1536 1658 1808 1107 1447 1387 1984 1270 1056 1739 1204 1257 1113 1064 1183 1721 1342 1367 1785 1247 1571 1234 1307 1491 1260 1972 1581 1305 1350 1359 1448 1252 1459 1940 1093 1476 1822 1219 1215 1492 1940 1941 1692 1215 1615 BCNSPRNW ULIB Ver.6.0+V

เปลี่ยนเป็นภาษาไทย

Change to English
 แสดงรายละเอียดบรรณานุกรม
  กลับหน้าหลัก

Brief Record : Get Marc (ISO 2709) : E-mail record : QR code < ปิดหน้าต่าง
LEADER : 00000nam 2200000uu 4500
001    13399124346
003     ULIB
008    150511s2555||||th 000 0 tha d
020    ^a9786162142284
099    ^aนว ว257อ
100    ^aวรรณวรรธน์
245    ^aอขิทโร มหาคุรุเทวา ปรัยวสาน ๑ เล่ม 4
250    ^aพิมพ์ครั้งที่ 1
260    ^aกรุงเทพฯ :^bณ บ้านวรรณกรรม กรุ๊ป,^c2555
300    ^a282 หน้า
650    ^aวรรณวรรธน์^xนิยาย
945    ^p300^l0^i039390
999    ^aเกษร โพธิ์สุวรรณ
รายการนี้ยังไม่มีแท็ก
คุณยังไม่ได้ล็อกอิน คุณสามารถมีกิจกรรมร่วมกับเว็บไซต์ได้ แต่ต้องล็อกอินก่อน ::
  ล็อกอิน

รายการสื่อสารสนเทศ

ลำดับที่ ประเภท เลขเรียก/บาร์โค้ด สถานที่ สถานะ
1. นวนิยาย
นวนิยาย
นว ว257อ ฉ.1 
  Barcode: 039390
ห้องสมุดวิทยาเขตสวรรค์ประชารักษ์
►นวนิยาย
บนชั้น
  ขอยืม

รายการใกล้เคียง
    ผู้แต่ง [วรรณวรรธน์]

BibComment


ยังไม่เคยถูกคอมเมนท์

คอมเมนท์ทรัพยากรรายการนี้
  คอมเมนท์: อขิทโร มหาคุรุเท..


 Copyright 2026. Bcnsprnw @Library